| 000 | 00535nas a2200181 4500 | ||
|---|---|---|---|
| 001 | 3194 | ||
| 005 | 20251209120714.0 | ||
| 008 | 251209b |||||||| |||| 00| 0 eng d | ||
| 022 | 0 | 0 | _aISSN-2072-9065 |
| 090 | 0 | 0 | _aPeriodical |
| 245 | 0 | 0 | _aBhutan journal of research & development. |
| 260 | 0 | 0 | _bRoyal University of Bhutan. |
| 300 | 0 | 0 |
_ap. 169. : _c25 cm. _bill. ; |
| 310 | 0 | 0 | _aTwice per year. |
| 650 | 0 | 0 | _aEducation, Higher --Bhutan --Research --Periodicals. |
| 650 | 0 | 0 | _aEducation, Higher --Bhutan. |
| 942 |
_2ddc _cPERIODICAL |
||
| 999 |
_c10520 _d10521 |
||